| 000 | 00639 a2200193 4500 | ||
|---|---|---|---|
| 020 | _a0131367366 | ||
| 020 | _a9780131367364 | ||
| 082 | _a005.268 | ||
| 090 |
_c1113 _d1113 |
||
| 100 | 1 | _aSobell, Mark G. | |
| 245 | 1 | 0 |
_aPractical guide to linux commands, editors, and shell programming, a / _cMark G. Sobell. |
| 250 | _a2nd ed. | ||
| 260 |
_a[S.l.] : _bPrentice Hall, _c2005. |
||
| 300 |
_a1080 p. ; _c24 cm. |
||
| 490 | 1 | _a2nd edition. | |
| 700 | _aSobell, Mark G. | ||
| 942 |
_aSNS _cBK _k005.268 SOB |
||
| 999 |
_c29728 _d29728 |
||